| 000 | 00524nam a22001697a 4500 | ||
|---|---|---|---|
| 999 |
_c7651 _d7651 |
||
| 003 | OSt | ||
| 005 | 20220222170239.0 | ||
| 008 | 220222b ||||| |||| 00| 0 eng d | ||
| 020 | _a9788466428606 | ||
| 040 |
_aCDMR _bcat _cCDMR |
||
| 100 |
_94824 _aVallejo, Irene |
||
| 245 |
_aAlgú va parlar de nosaltres _c/ Irene Vallejo ; traducció de Núria Parés Sellarès |
||
| 260 |
_aBarcelona : _bColumna, _c2022 |
||
| 300 | _a413 pàgines | ||
| 505 | _aRecull d'articles publicats al diari Heraldo de Aragón | ||
| 942 |
_2udc _cMON |
||